Sports Quiz

Random Sports Quiz

Manchester United Managers Quiz Stats

 Plays Quiz not verified by Sporcle

Score 0/21 Timer 06:00
0 Plays Today
Time in Charge Manager % Correct
Nov 1986 to 2010Sir Alex Ferguson
97.9%
Feb 1945 to Aug 1969Sir Matt Busby
92%
Dec 1970 to Jun 1971Sir Matt Busby
92%
Jun 1981 to Nov 1986Ron Atkinson
85.6%
Dec 1972 to Jul 1977Tommy Docherty
58.5%
Jul 1977 to Apr 1981Dave Sexton
42.6%
Aug 1969 to Dec 1970Wilf McGuinness
30.3%
Jun 1971 to Dec 1972Frank O'Farrell
29.8%
Feb 1958 to Jun 1958Jimmy Murphy
18.1%
Oct 1921 to Oct 1926John Chapman
8%
Nov 1931 to Jul 1932Walter Crickmer
8%
Time in Charge Manager % Correct
Nov 1937 to Feb 1945Walter Crickmer
8%
Oct 1903 to Sep 1912Ernest Mangnall
6.9%
Dec 1914 to Oct 1921Jack Robson
6.4%
Jul 1932 to Nov 1937Scott Duncan
6.4%
Apr 1927 to Nov 1931Herbert Bamlett
5.3%
1892 to 1900A H Albut
4.8%
Oct 1926 to Apr 1927Lal Hilditch
4.8%
1900 to Sep 1903James West
4.3%
Oct 1912 to Dec 1914John Bentley
3.2%
Sep 1912 to Oct 1912T J Wallworth
2.1%

You're not logged in!

Compare scores with friends on all Sporcle quizzes.
OR
Log In

Show Comments

Extras

Top Quizzes Today


Score Distribution

Your Account Isn't Verified!

In order to create a playlist on Sporcle, you need to verify the email address you used during registration. Go to your Sporcle Settings to finish the process.

Report this User

Report this user for behavior that violates our Community Guidelines.

Details: